Drake - Top 25 najczęściej odtwarzanych piosenek - Statystyki

Ogólne statystyki
  • Ten quiz został rozwiązany 63 razy
  • Średni wynik to 10 z 25
Statystyki odpowiedzi
Hint Odpowiedź % Poprawnych
Views One Dance
95%
Scorpion God's Plan
93%
More Life Passionfruit
93%
Views Hotline Bling
78%
Dark Lane Demo Tapes Toosie Slide
68%
Take Care Headlines
60%
Her Loss Rich Flex
58%
Honestly, Nevermind Jimmy Cooks
53%
What A Time To Be Alive Jumpman
43%
Certified Lover Boy Fair Trade
40%
Scorpion Nonstop
40%
Take Care Take Care
40%
Scorpion In My Feelings
38%
Scorpion Nice For What
35%
Dark Lane Demo Tapes Chicago Freestyle
28%
Certified Lover Boy Knife Talk
28%
Nothing Was The Same Hold On, We're Going Home
25%
Scary Hours 2 Wants and Needs
23%
More Life Fake Love
20%
Views Too Good
20%
Views Controlla
18%
More Life Teenage Fever
18%
So Far Gone Best I Ever Had
13%
Singiel Money In The Grave
13%
Singiel Laugh Now Cry Later
10%
Nie znaleziono quizów pasujących do podanych kryteriów
Rozkład punktacji
Procent ludzi z każdym wynikiem
Percentyl według liczby udzielonych odpowiedzi
Twoja historia wyników
Nie rozwiązałeś tego quizu